000 00193nam a2200109Ia 4500
100 _aGOUILD/JAY.
942 _cBK
245 _aFULL HOUSE
260 _b#N/A
546 _aENGLISH
999 _c35216
_d35216